La valoración económica del trabajo no remunerado /
保存先:
| 第一著者: | |
|---|---|
| フォーマット: | 図書 |
| 言語: | Spanish |
| タグ: |
タグ追加
タグなし, このレコードへの初めてのタグを付けませんか!
|
MARC
| LEADER | 00000nam a22000007a 4500 | ||
|---|---|---|---|
| 003 | cru CRAI/IIS | ||
| 005 | 20210208114729.0 | ||
| 008 | 210208t2009 uy |||||r|||||||| ||spa|d | ||
| 999 | |c 43589 |d 43589 | ||
| 040 | |c cru CRAI/IIS | ||
| 100 | 1 | |a Salvador, Soledad |9 9812 |e Autora | |
| 245 | 1 | 3 | |a La valoración económica del trabajo no remunerado / |c Soledad Salvador |
| 300 | |a páginas 155-195 : |b tablas, gráficos | ||
| 773 | 0 | |0 42324 |9 3196 |a Aguirre, Rosario |d Montevideo, Uruguay : Instituto Nacional de Estadística, 2009 |o 10735 |t Las bases invisibles del bienestar social: |z 9789974670570 | |
| 942 | |2 ddc |c LI | ||



